[Event "London Classic op 4th"]
[Site "London"]
[Date "2012.12.05"]
[Round "5"]
[White "Holzhauer, Bjoern"]
[Black "Millward, Kevin P"]
[Result "1-0"]
[WhiteElo "2153"]
[BlackElo "1969"]
[PlyCount "97"]
[EventDate "2012.12.01"]
[EventType "swiss"]
[EventRounds "9"]
[EventCountry "ENG"]
[SourceTitle "CBM 151 Extra"]
[Source "ChessBase"]
[SourceDate "2012.12.18"]
[SourceVersion "1"]
[SourceVersionDate "2012.12.18"]
[SourceQuality "1"]

1. d4 g6 2. e4 Bg7 3. c4 d6 4. Nc3 e5 5. dxe5 dxe5 6. Qxd8+ Kxd8 7. f4 Nc6 8. Nf3 Bd7 9. Be2 Nd4 10. Kf2 Nxf3 11. gxf3 f5 12. Rd1 Ne7 13. fxe5 Bxe5 14. Bg5 Bxc3 15. bxc3 h6 16. Bf6 Rf8 17. e5 Ke8 18. Bg7 Rf7 19. Bxh6 Rh7 20. Bf4 Nc6 21. Rd2 Be6 22. Rb1 Rd8 23. Rxd8+ Nxd8 24. Kg3 c5 25. Kf2 Nc6 26. Rg1 Kf7 27. Bg3 Rh8 28. f4 Rd8 29. Ke1 Na5 30. h4 Bxc4 31. h5 Bxe2 32. hxg6+ Kg7 33. Kxe2 Nc4 34. Bh4 Rd2+ 35. Ke1 Rxa2 36. Bf6+ Kg8 37. Rg3 Ra1+ 38. Kf2 Ra2+ 39. Kg1 Ra1+ 40. Kh2 Ra2+ 41. Kh3 Re2 42. Kh4 Ne3 43. Kg5 a5 44. e6 a4 45. e7 Nd5 46. Rd3 Rxe7 47. Rxd5 Re8 48. Rd7 b5 49. Rh7 1-0

[Event "London Classic op 4th"]
[Site "London"]
[Date "2012.12.04"]
[Round "4"]
[White "Mehringer, Joerg"]
[Black "Holzhauer, Bjoern"]
[Result "1-0"]
[WhiteElo "1874"]
[BlackElo "2153"]
[PlyCount "113"]
[EventDate "2012.12.01"]
[EventType "swiss"]
[EventRounds "9"]
[EventCountry "ENG"]
[SourceTitle "CBM 151 Extra"]
[Source "ChessBase"]
[SourceDate "2012.12.18"]
[SourceVersion "1"]
[SourceVersionDate "2012.12.18"]
[SourceQuality "1"]

1. e4 c5 2. g3 d5 3. exd5 Qxd5 4. Nf3 Nc6 5. Nc3 Qe6+ 6. Qe2 Qxe2+ 7. Bxe2 Bf5 8. d3 e5 9. 0-0 Nf6 10. Re1 0-0-0 11. Bg5 Be7 12. Bf1 Bd6 13. Bg2 Rde8 14. Bxf6 gxf6 15. Nd5 Be7 16. Nd2 Nd4 17. Rac1 b6 18. Ne4 Bxe4 19. dxe4 Kb8 20. c3 Ne6 21. Rcd1 c4 22. Bf1 b5 23. a4 a6 24. axb5 axb5 25. b3 Nc7 26. bxc4 Nxd5 27. cxd5 Rc8 28. Bxb5 Rxc3 29. Bc6 Kc7 30. Rb1 Rb8 31. Rxb8 Kxb8 32. Rb1+ Kc8 33. Rb7 Bc5 34. Rxf7 Rf3 35. d6 Bxd6 36. Kg2 Rc3 37. Bd5 Bc5 38. Rxf6 Rc2 39. h4 Kd8 40. Rf7 h6 41. g4 Be3 42. Rf5 Bf4 43. g5 hxg5 44. hxg5 Rc7 45. g6 Ke8 46. Kf3 Rc3+ 47. Kg2 Rc7 48. Rh5 Rg7 49. Bf7+ Kf8 50. Kf3 Ke7 51. Kg4 Kf8 52. Kf5 Ke7 53. Rh7 Kf8 54. Rh8+ Ke7 55. Re8+ Kd6 56. Kf6 Bh6 57. Rh8 1-0

[Event "London Classic op 4th"]
[Site "London"]
[Date "2012.12.02"]
[Round "2"]
[White "Roberson, Peter T"]
[Black "Holzhauer, Bjoern"]
[Result "1-0"]
[WhiteElo "2350"]
[BlackElo "2153"]
[PlyCount "77"]
[EventDate "2012.12.01"]
[EventType "swiss"]
[EventRounds "9"]
[EventCountry "ENG"]
[SourceTitle "CBM 151 Extra"]
[Source "ChessBase"]
[SourceDate "2012.12.18"]
[SourceVersion "1"]
[SourceVersionDate "2012.12.18"]
[SourceQuality "1"]

1. e4 c5 2. c3 d5 3. exd5 Qxd5 4. d4 g6 5. Nf3 Bg7 6. c4 Qd8 7. d5 e5 8. Nc3 Ne7 9. h4 Nf5 10. h5 Nd4 11. Nxd4 cxd4 12. Ne4 Bf5 13. Qa4+ Kf8 14. h6 Bf6 15. Nxf6 Qxf6 16. Bd2 Na6 17. Qa3+ Qe7 18. d6 Qd8 19. c5 Nb8 20. Bc4 Nd7 21. b4 a5 22. Bd5 axb4 23. Qxb4 Rc8 24. Rc1 b6 25. c6 Nc5 26. Rxc5 bxc5 27. Qb7 Bd7 28. Qxd7 Qxd7 29. cxd7 Rd8 30. Bc6 f5 31. Bg5 Rxd7 32. Bxd7 Kf7 33. Bb5 Ke6 34. d7 Kd5 35. d8Q+ Rxd8 36. Bxd8 e4 37. Bg5 c4 38. Kd2 c3+ 39. Kc2 1-0

[Event "Oberliga Baden 1213"]
[Site "Baden"]
[Date "2012.11.11"]
[Round "2.6"]
[White "Loukanov, Tsvetomir"]
[Black "Holzhauer, Bjoern"]
[Result "1/2-1/2"]
[WhiteElo "2201"]
[BlackElo "2145"]
[PlyCount "64"]
[EventDate "2012.10.14"]
[EventType "team-tourn"]
[EventRounds "9"]
[EventCountry "GER"]
[SourceTitle "EXT 2014"]
[Source "ChessBase"]
[SourceDate "2013.11.20"]
[SourceVersion "1"]
[SourceVersionDate "2013.11.20"]
[SourceQuality "1"]
[WhiteTeam "Buchen"]
[BlackTeam "Brombach"]
[WhiteTeamCountry "GER"]
[BlackTeamCountry "GER"]

1. d4 Nf6 2. Nf3 g6 3. g3 Bg7 4. Bg2 0-0 5. 0-0 d5 6. Ne5 Nbd7 7. f4 Ne4 8. c4 c6 9. Nc3 f6 10. Nxd7 Qxd7 11. cxd5 cxd5 12. Qb3 e6 13. e3 f5 14. Nxe4 dxe4 15. Bd2 b6 16. Bb4 Re8 17. Rfc1 Ba6 18. Qa3 Bd3 19. Rc3 Rac8 20. Rac1 a5 21. Bd6 Rxc3 22. Rxc3 Rc8 23. Rxc8+ Qxc8 24. Qc3 Qxc3 25. bxc3 b5 26. Bf1 Bxf1 27. Kxf1 Bf8 28. Bxf8 Kxf8 29. Ke2 Ke7 30. Kd2 Kd6 31. Kc2 a4 32. c4 b4 1/2-1/2

[Event "London Classic op"]
[Site "London"]
[Date "2011.12.11"]
[Round "9"]
[White "Radovanovic, Jovica"]
[Black "Holzhauer, Bjoern"]
[Result "1-0"]
[WhiteElo "2309"]
[BlackElo "2131"]
[PlyCount "73"]
[EventDate "2011.12.03"]
[EventType "swiss"]
[EventRounds "9"]
[EventCountry "ENG"]
[SourceTitle "CBM 145 Extra"]
[Source "ChessBase"]
[SourceDate "2012.01.03"]
[SourceVersion "1"]
[SourceVersionDate "2012.01.03"]
[SourceQuality "1"]

1. Nf3 c5 2. g3 Nc6 3. Bg2 e5 4. e4 g6 5. 0-0 Bg7 6. c3 Nge7 7. Re1 0-0 8. d3 d5 9. Nbd2 dxe4 10. dxe4 h6 11. Bf1 Bg4 12. h3 Be6 13. Nc4 Qc8 14. Kh2 Rd8 15. Qe2 b5 16. Ne3 Rb8 17. Nh4 Qc7 18. Qf3 Kh7 19. g4 Na5 20. Nhf5 b4 21. Nxg7 Kxg7 22. Nf5+ Nxf5 23. gxf5 Bc4 24. f6+ Kh7 25. Qg3 Qd6 26. Bxh6 Rh8 27. Bg7 Kg8 28. Rad1 Qe6 29. Bxh8 Kxh8 30. Qh4+ Kg8 31. Rd7 Bxf1 32. Rxf1 Qe8 33. Qh6 Qf8 34. Qxf8+ Kxf8 35. cxb4 cxb4 36. Rc1 Nb7 37. Rxb7 1-0

[Event "London Classic op"]
[Site "London"]
[Date "2011.12.10"]
[Round "8"]
[White "Holzhauer, Bjoern"]
[Black "Iyengar, Ilya"]
[Result "1-0"]
[WhiteElo "2131"]
[BlackElo "1974"]
[PlyCount "35"]
[EventDate "2011.12.03"]
[EventType "swiss"]
[EventRounds "9"]
[EventCountry "ENG"]
[SourceTitle "CBM 145 Extra"]
[Source "ChessBase"]
[SourceDate "2012.01.03"]
[SourceVersion "1"]
[SourceVersionDate "2012.01.03"]
[SourceQuality "1"]

1. d4 Nf6 2. c4 g6 3. Nc3 Bg7 4. e4 d6 5. f4 0-0 6. Nf3 c5 7. Be2 cxd4 8. Nxd4 Qa5 9. 0-0 a6 10. Be3 Bd7 11. Nb3 Qc7 12. Rc1 Rc8 13. c5 dxc5 14. e5 Ne8 15. Nd5 Qd8 16. Bxc5 Nc6 17. Bb6 Nc7 18. Nc5 1-0

[Event "London Classic op"]
[Site "London"]
[Date "2011.12.04"]
[Round "2"]
[White "Holzhauer, Bjoern"]
[Black "Weber, Tom"]
[Result "0-1"]
[WhiteElo "2131"]
[BlackElo "2355"]
[PlyCount "88"]
[EventDate "2011.12.03"]
[EventType "swiss"]
[EventRounds "9"]
[EventCountry "ENG"]
[SourceTitle "CBM 145 Extra"]
[Source "ChessBase"]
[SourceDate "2012.01.03"]
[SourceVersion "1"]
[SourceVersionDate "2012.01.03"]
[SourceQuality "1"]

1. d4 Nf6 2. c4 g6 3. Nc3 d5 4. e3 Bg7 5. Qb3 c6 6. Nf3 0-0 7. Bd2 dxc4 8. Bxc4 b5 9. Be2 a5 10. 0-0 Bf5 11. Ne5 a4 12. Qd1 Qb6 13. Bf3 Ra6 14. a3 c5 15. Ne2 Ne4 16. Bxe4 Bxe4 17. Bc3 Rd8 18. Qc1 cxd4 19. exd4 f6 20. Ng4 Nc6 21. Rd1 Bd5 22. Qf4 Ra7 23. Ne3 Bb3 24. Re1 Rad7 25. g4 e6 26. Rac1 Qb7 27. d5 Ne5 28. Bxe5 fxe5 29. Qb4 exd5 30. Nf1 d4 31. Nd2 Bf8 32. Rc5 Rd5 33. Nxb3 Rxc5 34. Nxc5 Qd5 35. Qxb5 Bxc5 36. Qxa4 d3 37. Nc3 Qf7 38. Ne4 Bd4 39. Qb4 Qf3 40. Qd2 Qxg4+ 41. Kf1 Qf3 42. Kg1 Rf8 43. b4 Rf4 44. Qa2+ Kg7 0-1

[Event "Verbandsliga Sued Baden 1112"]
[Site "Germany"]
[Date "2011.11.27"]
[Round "3.7"]
[White "Kramer, Gerald"]
[Black "Holzhauer, Bjoern"]
[Result "0-1"]
[WhiteElo "2018"]
[BlackElo "2131"]
[PlyCount "82"]
[EventDate "2011.10.09"]
[EventType "team-tourn"]
[EventRounds "9"]
[EventCountry "GER"]
[SourceTitle "EXT 2013"]
[Source "ChessBase"]
[SourceDate "2012.11.22"]
[SourceVersion "1"]
[SourceVersionDate "2012.11.22"]
[SourceQuality "1"]
[WhiteTeam "Iffezheim"]
[BlackTeam "Brombach"]
[WhiteTeamCountry "GER"]
[BlackTeamCountry "GER"]

1. d4 Nf6 2. c4 g6 3. Nc3 d5 4. cxd5 Nxd5 5. e4 Nxc3 6. bxc3 Bg7 7. Bc4 0-0 8. Ne2 c5 9. Be3 Nc6 10. 0-0 Qc7 11. Qc1 Na5 12. Bd3 Rd8 13. Rd1 b6 14. Bh6 e5 15. Bxg7 Kxg7 16. Qe3 Bd7 17. Rac1 Ba4 18. Rf1 Qd6 19. d5 c4 20. Bb1 Nb7 21. f4 f6 22. h4 Qc5 23. Kf2 Bd7 24. fxe5 fxe5 25. Qxc5 Nxc5 26. Ke3 Rf8 27. Bc2 Bg4 28. Ng3 Rad8 29. Rxf8 Rxf8 30. Rf1 Rf6 31. Rxf6 Kxf6 32. Nh1 b5 33. Nf2 Bd7 34. Kf3 a5 35. a3 h6 36. Ng4+ Bxg4+ 37. Kxg4 Na6 38. Kf3 b4 39. axb4 axb4 40. Ba4 b3 41. Ke3 Nc5 0-1

[Event "Oberliga Baden 1011"]
[Site "Baden"]
[Date "2011.02.06"]
[Round "6.7"]
[White "Holzhauer, Bjoern"]
[Black "Saering, Patrick"]
[Result "0-1"]
[WhiteElo "2141"]
[BlackElo "2114"]
[PlyCount "88"]
[EventDate "2010.10.10"]
[EventType "team-tourn"]
[EventRounds "9"]
[EventCountry "GER"]
[SourceTitle "EXT 2012"]
[Source "ChessBase"]
[SourceDate "2011.11.24"]
[SourceVersion "1"]
[SourceVersionDate "2011.11.24"]
[SourceQuality "1"]
[WhiteTeam "Brombach"]
[BlackTeam "Waldshut"]
[WhiteTeamCountry "GER"]
[BlackTeamCountry "GER"]

1. d4 Nf6 2. c4 g6 3. Nc3 c5 4. d5 e6 5. Nf3 exd5 6. cxd5 d6 7. Qa4+ Nbd7 8. Bf4 Qb6 9. Qc2 Bg7 10. Nd2 0-0 11. Nc4 Qb4 12. a3 Qxc4 13. e3 Qxc3+ 14. Qxc3 Nxd5 15. Qd2 Nxf4 16. exf4 Nb8 17. Be2 Nc6 18. 0-0 Nd4 19. Bc4 d5 20. Ba2 h5 21. Rac1 c4 22. Rfe1 Rd8 23. Kh1 h4 24. Re7 h3 25. Rce1 Bg4 26. Qa5 Nc6 27. Qc7 Nxe7 28. Rxe7 Re8 29. f3 Bf6 30. Re5 Rac8 31. Qd6 Bxe5 32. fxe5 Bf5 33. g4 Bc2 34. Kg1 Rcd8 35. Qc7 b5 36. f4 d4 37. Qa5 d3 38. Qd2 Rd4 39. Kf2 Re4 40. Kg3 Re2 41. Qc3 d2 42. Qxc2 Rd8 43. Bxc4 bxc4 44. e6 Rxe6 0-1

[Event "LSS WC-2010-F-00001"]
[Site "LSS email"]
[Date "2010.11.17"]
[Round "?"]
[White "Bubir, Alex Nikolaevich"]
[Black "Holzhauer, Bjoern"]
[Result "1-0"]
[WhiteElo "2460"]
[BlackElo "2225"]
[PlyCount "127"]
[EventDate "2010.11.23"]
[EventType "tourn (corr)"]
[EventRounds "14"]
[EventCountry "GER"]
[SourceTitle "Telechess CBM 165"]
[Source "ChessBase"]
[SourceDate "2015.03.11"]
[SourceVersion "1"]
[SourceVersionDate "2015.03.11"]
[SourceQuality "1"]

1. e4 c5 2. Nf3 e6 3. d4 cxd4 4. Nxd4 Nc6 5. Nc3 Qc7 6. Be3 a6 7. Qd2 Nf6 8. 0-0-0 Bb4 9. f3 Ne5 10. Nb3 b5 11. Qe1 Rb8 12. Qg3 Nh5 13. Qf2 0-0 14. Bc5 Bxc5 15. Qxc5 Qxc5 16. Nxc5 Rb6 17. Nd3 Nxd3+ 18. Rxd3 Rd8 19. a4 Bb7 20. Rd4 Bc6 21. b3 Nf4 22. a5 Rbb8 23. Rd6 Kf8 24. g3 Ng6 25. Be2 Ke7 26. Rhd1 f6 27. Na2 Ne5 28. Nb4 Rbc8 29. Kb2 Nf7 30. R6d4 Bb7 31. f4 Rc7 32. Bf3 Rdc8 33. R4d3 g5 34. R1d2 Rg8 35. Bh5 Nd8 36. f5 e5 37. h3 Rf8 38. Rd5 Rh8 39. Be2 Nf7 40. c4 bxc4 41. Bxc4 Ra8 42. R5d3 Bxe4 43. Bd5 Bxd3 44. Bxa8 Bf1 45. Nd5+ Kd8 46. Nxc7 Kxc7 47. Bf3 Bb5 48. Rc2+ Kb8 49. Bd5 Nd6 50. g4 Bf1 51. Rh2 Kc7 52. h4 h6 53. hxg5 hxg5 54. Kc3 Nb5+ 55. Kb4 Nd4 56. Bc4 Nc6+ 57. Kc5 Bxc4 58. Kxc4 Nxa5+ 59. Kd5 Nc6 60. Rh6 Nb4+ 61. Kc4 a5 62. Rxf6 e4 63. Rg6 e3 64. Kc3 1-0

[Event "LSS WC-2010-F-00001"]
[Site "LSS email"]
[Date "2010.11.17"]
[Round "?"]
[White "Holzhauer, Bjoern"]
[Black "Bubir, Sergei"]
[Result "1/2-1/2"]
[WhiteElo "2225"]
[BlackElo "2471"]
[PlyCount "73"]
[EventDate "2010.11.23"]
[EventType "tourn (corr)"]
[EventRounds "14"]
[EventCountry "GER"]
[SourceTitle "Telechess CBM 165"]
[Source "ChessBase"]
[SourceDate "2015.03.11"]
[SourceVersion "1"]
[SourceVersionDate "2015.03.11"]
[SourceQuality "1"]

1. d4 Nf6 2. c4 e6 3. g3 d5 4. Nf3 Be7 5. Bg2 0-0 6. 0-0 dxc4 7. Qc2 a6 8. a4 Bd7 9. Qxc4 Bc6 10. Bg5 Bd5 11. Qd3 Be4 12. Qe3 Bc6 13. Nc3 Nbd7 14. Qd3 Bb4 15. Rfe1 h6 16. Bf4 Re8 17. Qc2 Bxc3 18. bxc3 Be4 19. Qb3 c5 20. Nd2 Bxg2 21. Kxg2 g5 22. Be3 Nd5 23. Nc4 Qc7 24. Bd2 Rec8 25. Ne3 Qb6 26. Reb1 cxd4 27. Nxd5 Qxb3 28. Rxb3 exd5 29. cxd4 b6 30. Kf3 Rc4 31. Ke3 f5 32. Kd3 Kf7 33. Rc3 Rac8 34. f3 Nf6 35. Rac1 Rxc3+ 36. Bxc3 Ke6 37. Rb1 1/2-1/2

[Event "LSS WC-2010-F-00001"]
[Site "LSS email"]
[Date "2010.11.17"]
[Round "?"]
[White "Holzhauer, Bjoern"]
[Black "Hartl, Hermann"]
[Result "1/2-1/2"]
[WhiteElo "2225"]
[BlackElo "2483"]
[PlyCount "67"]
[EventDate "2010.11.23"]
[EventType "tourn (corr)"]
[EventRounds "14"]
[EventCountry "GER"]
[SourceTitle "Telechess CBM 165"]
[Source "ChessBase"]
[SourceDate "2015.03.11"]
[SourceVersion "1"]
[SourceVersionDate "2015.03.11"]
[SourceQuality "1"]

1. d4 d5 2. c4 c6 3. Nf3 Nf6 4. Nc3 e6 5. Bg5 h6 6. Bh4 dxc4 7. e4 g5 8. Bg3 b5 9. Be2 Bb7 10. h4 g4 11. Ne5 Nbd7 12. Nxd7 Qxd7 13. Be5 Qe7 14. 0-0 Rg8 15. b3 b4 16. Na4 c3 17. Qd3 Nd7 18. Bg3 h5 19. a3 a5 20. axb4 axb4 21. Nc5 Rxa1 22. Nxb7 Ne5 23. Rxa1 Nxd3 24. Ra8+ Kd7 25. Bxd3 e5 26. Bxe5 Bg7 27. Rxg8 Bxe5 28. dxe5 Qxe5 29. Rg5 Qf4 30. Nc5+ Kd6 31. g3 Qd2 32. Rxh5 c2 33. Bxc2 Qxc2 34. Rf5 1/2-1/2

[Event "LSS WC-2010-F-00001"]
[Site "LSS email"]
[Date "2010.11.17"]
[Round "?"]
[White "Schuster, Peter"]
[Black "Holzhauer, Bjoern"]
[Result "1-0"]
[WhiteElo "2402"]
[BlackElo "2225"]
[PlyCount "61"]
[EventDate "2010.11.23"]
[EventType "tourn (corr)"]
[EventRounds "14"]
[EventCountry "GER"]
[SourceTitle "Telechess CBM 165"]
[Source "ChessBase"]
[SourceDate "2015.03.11"]
[SourceVersion "1"]
[SourceVersionDate "2015.03.11"]
[SourceQuality "1"]

1. d4 Nf6 2. c4 e6 3. g3 c5 4. d5 exd5 5. cxd5 d6 6. Nc3 g6 7. Bg2 Bg7 8. Nf3 0-0 9. 0-0 Re8 10. Bf4 Ne4 11. Nxe4 Rxe4 12. Nd2 Rb4 13. Rb1 Na6 14. a3 Rxb2 15. Rxb2 Bxb2 16. Ne4 Bg7 17. h4 Bf8 18. Bg5 Be7 19. Qa1 b6 20. Bxe7 Qxe7 21. Nf6+ Kh8 22. h5 gxh5 23. Rd1 Bb7 24. f4 Nc7 25. Kf2 Nb5 26. e3 h4 27. g4 Nd4 28. g5 Nf5 29. e4 Nd4 30. Rh1 Kg7 31. Rxh4 1-0

[Event "Verbandsliga Sued Baden 0910"]
[Site "Germany"]
[Date "2009.10.25"]
[Round "2.5"]
[White "Einhorn, Leonid"]
[Black "Holzhauer, Bjoern"]
[Result "0-1"]
[WhiteElo "2097"]
[BlackElo "2177"]
[PlyCount "66"]
[EventDate "2009.10.11"]
[EventType "team-tourn"]
[EventRounds "9"]
[EventCountry "GER"]
[SourceTitle "EXT 2011"]
[Source "ChessBase"]
[SourceDate "2010.11.26"]
[SourceVersion "1"]
[SourceVersionDate "2010.11.26"]
[SourceQuality "1"]
[WhiteTeam "Dreilaendereck"]
[BlackTeam "Brombach"]
[WhiteTeamCountry "GER"]
[BlackTeamCountry "GER"]

1. d4 Nf6 2. c4 e6 3. g3 c5 4. d5 exd5 5. cxd5 d6 6. Nc3 g6 7. Nf3 Bg7 8. Bg2 0-0 9. 0-0 a6 10. a4 Nbd7 11. Nd2 Re8 12. Nc4 Nb6 13. Na3 Bd7 14. a5 Nc8 15. Nc4 Ng4 16. e4 Ne5 17. Ne3 Bb5 18. Nxb5 axb5 19. f4 Nd7 20. Qc2 Rxa5 21. Bd2 Rxa1 22. Rxa1 Bd4 23. Kh1 Ncb6 24. Re1 Qa8 25. Bc3 Qa2 26. Nd1 Bxc3 27. Nxc3 Qa5 28. Rf1 Nc4 29. Qf2 Qb4 30. f5 Nde5 31. Qf4 Qxb2 32. Qh6 Ng4 33. Qf4 Nce3 0-1

[Event "LSS WC-2009-T-00003"]
[Site "LSS email"]
[Date "2008.04.15"]
[Round "?"]
[White "Balabaev, Farit Gasisovich"]
[Black "Holzhauer, Bjoern"]
[Result "0-1"]
[WhiteElo "2395"]
[BlackElo "2116"]
[PlyCount "76"]
[EventDate "2008.04.15"]
[EventType "tourn (corr)"]
[EventRounds "12"]
[EventCountry "GER"]
[SourceTitle "Corr 2011"]
[Source "ChessBase"]
[SourceDate "2010.08.31"]
[SourceVersion "1"]
[SourceVersionDate "2010.08.31"]
[SourceQuality "1"]

1. e4 c5 2. Nf3 e6 3. d4 cxd4 4. Nxd4 Nc6 5. Nc3 Qc7 6. Be2 Nf6 7. 0-0 a6 8. Be3 Bb4 9. Nxc6 bxc6 10. Na4 Bd6 11. Nb6 Rb8 12. Nxc8 Rxc8 13. g3 Nxe4 14. Bxa6 Ra8 15. Bd3 Nf6 16. a4 0-0 17. Bd2 Rfb8 18. b3 e5 19. Re1 Bc5 20. Rb1 d5 21. b4 Ba7 22. a5 Rd8 23. a6 e4 24. Be2 Qb6 25. Rf1 d4 26. Bc4 h6 27. Qe2 Re8 28. Rb3 Rad8 29. Bc1 Qc7 30. Kg2 Nd5 31. Bb2 Nb6 32. Rd1 Qe5 33. Re3 Nxc4 34. Qxc4 Rd6 35. Ra3 Red8 36. Ra5 Qf6 37. Qe2 Re6 38. c4 Qe7 0-1

[Event "LSS WC-2009-T-00003"]
[Site "LSS email"]
[Date "2008.04.15"]
[Round "?"]
[White "Holzhauer, Bjoern"]
[Black "Bubir, Alex Nikolaevich"]
[Result "1/2-1/2"]
[WhiteElo "2102"]
[BlackElo "2466"]
[PlyCount "86"]
[EventDate "2008.04.15"]
[EventType "tourn (corr)"]
[EventRounds "12"]
[EventCountry "GER"]
[SourceTitle "Corr 2011"]
[Source "ChessBase"]
[SourceDate "2010.08.31"]
[SourceVersion "1"]
[SourceVersionDate "2010.08.31"]
[SourceQuality "1"]

1. d4 Nf6 2. c4 e6 3. Nf3 b6 4. g3 Ba6 5. b3 Bb4+ 6. Bd2 Be7 7. Nc3 0-0 8. Rc1 d5 9. cxd5 Nxd5 10. Bg2 Bb7 11. 0-0 Nc6 12. e4 Nxc3 13. Rxc3 Rc8 14. Be3 Bb4 15. Rc2 Ba3 16. Qb1 Nb4 17. Rc3 Qe7 18. Ne5 f5 19. Nc4 Bxe4 20. Bxe4 fxe4 21. Nxa3 Nd5 22. Rc6 Nxe3 23. fxe3 Qxa3 24. Rf4 Qa5 25. Qxe4 Qe1+ 26. Kg2 Qe2+ 27. Kh3 Qh5+ 28. Rh4 Qf5+ 29. Qxf5 exf5 30. d5 Rfd8 31. Rd4 Rd6 32. Kh4 Re8 33. Rxc7 Rxe3 34. Kg5 Rf3 35. Rf4 h6+ 36. Kxf5 Rxd5+ 37. Ke4 Rxf4+ 38. Kxd5 Rf2 39. Rxa7 Rxh2 40. b4 Rh3 41. a4 Rxg3 42. b5 h5 43. a5 bxa5 1/2-1/2

[Event "LSS WC-2009-T-00003"]
[Site "LSS email"]
[Date "2008.04.15"]
[Round "?"]
[White "Holzhauer, Bjoern"]
[Black "Noire, Eric"]
[Result "1/2-1/2"]
[WhiteElo "2116"]
[BlackElo "2408"]
[PlyCount "127"]
[EventDate "2008.04.15"]
[EventType "tourn (corr)"]
[EventRounds "12"]
[EventCountry "GER"]
[SourceTitle "Corr 2011"]
[Source "ChessBase"]
[SourceDate "2010.08.31"]
[SourceVersion "1"]
[SourceVersionDate "2010.08.31"]
[SourceQuality "1"]

1. d4 f5 2. Nc3 Nf6 3. Bg5 d5 4. Bxf6 exf6 5. e3 Be6 6. Qf3 Nc6 7. Bb5 Qd6 8. Nge2 0-0-0 9. a3 g5 10. g3 a6 11. Bd3 Qd7 12. b4 Ne7 13. b5 axb5 14. Bxb5 c6 15. Na4 Qc7 16. Nc5 Qa5+ 17. Kd1 g4 18. Qg2 Qxb5 19. Nxe6 Re8 20. Qf1 Ng6 21. Nxf8 Nxf8 22. Nf4 Qxf1+ 23. Rxf1 Ne6 24. Nxe6 Rxe6 25. a4 Kd7 26. Kd2 Ra8 27. h3 h5 28. Rab1 Ra7 29. f3 gxh3 30. Rh1 h4 31. gxh4 f4 32. exf4 Rxa4 33. Kd3 Ra3+ 34. Rb3 Rxb3+ 35. cxb3 f5 36. Rxh3 Rh6 37. h5 Ke6 38. Ke3 Kf6 39. Rh1 Rh8 40. Kf2 Rg8 41. b4 Rg7 42. Ke3 Rh7 43. Kd3 Rh8 44. Kc3 Kf7 45. Rh3 Rh6 46. Kb3 b5 47. Kc2 Rh8 48. Kd3 Rg8 49. Rh1 Ra8 50. Rg1 Ra3+ 51. Ke2 Ra4 52. h6 Ra2+ 53. Kd3 Ra3+ 54. Kc2 Rxf3 55. Rg7+ Kf6 56. Rg8 Rh3 57. Rc8 Kg6 58. Rxc6+ Kh5 59. Rb6 Rh2+ 60. Kd3 Rh3+ 61. Ke2 Kg4 62. Rxb5 Rxh6 63. Rxd5 Rh3 64. b5 1/2-1/2

[Event "LSS WC-2009-T-00003"]
[Site "LSS email"]
[Date "2008.04.15"]
[Round "?"]
[White "Holzhauer, Bjoern"]
[Black "Schuster, Peter"]
[Result "1/2-1/2"]
[WhiteElo "2156"]
[BlackElo "2398"]
[PlyCount "49"]
[EventDate "2008.04.15"]
[EventType "tourn (corr)"]
[EventRounds "12"]
[EventCountry "GER"]
[SourceTitle "Corr 2013"]
[Source "ChessBase"]
[SourceDate "2012.11.12"]
[SourceVersion "1"]
[SourceVersionDate "2012.11.12"]
[SourceQuality "1"]
[WhiteTeam "US of America"]
[BlackTeam "US of America"]
[WhiteTeamCountry "USA"]
[BlackTeamCountry "USA"]

1. d4 Nf6 2. c4 e6 3. Nf3 b6 4. g3 Ba6 5. b3 Bb4+ 6. Bd2 Bxd2+ 7. Qxd2 d5 8. cxd5 exd5 9. Nc3 0-0 10. Bg2 Re8 11. Ne5 Qd6 12. Nc4 Bxc4 13. bxc4 c6 14. cxd5 cxd5 15. 0-0 Nc6 16. Rfc1 Qd7 17. e3 Rec8 18. Rab1 Rc7 19. Nb5 Rcc8 20. Qd3 g6 21. Qa3 Rd8 22. Rb2 Rac8 23. Rbc2 Kg7 24. Qa4 a6 25. Nc3 1/2-1/2

[Event "IECG TE.2002.F.01100 email"]
[Site "IECG email"]
[Date "2006.12.27"]
[Round "2"]
[White "Holzhauer, Bjoern"]
[Black "Kluge, Thomas"]
[Result "1-0"]
[WhiteElo "1972"]
[BlackElo "2090"]
[PlyCount "75"]
[EventDate "2006.12.27"]
[EventType "tourn (corr)"]
[EventRounds "14"]
[SourceTitle "Corr 2024"]
[Source "ChessBase"]
[SourceDate "2023.10.19"]
[SourceVersion "1"]
[SourceVersionDate "2023.10.19"]
[SourceQuality "1"]

1. d4 Nf6 2. c4 c5 3. d5 e6 4. Nc3 exd5 5. cxd5 d6 6. e4 g6 7. f4 Bg7 8. Bb5+ Nfd7 9. a4 0-0 10. Nf3 Na6 11. 0-0 Nb4 12. Re1 a6 13. Bf1 Re8 14. h3 b6 15. Bd2 Bb7 16. Qb3 Nf6 17. Bc4 Rb8 18. e5 Nd7 19. e6 Nf6 20. exf7+ Kxf7 21. Rxe8 Qxe8 22. Re1 Qd7 23. Ne5+ dxe5 24. fxe5 Kg8 25. exf6 Bxf6 26. Ne4 Bd4+ 27. Be3 Bg7 28. d6+ Kh8 29. Ng5 Rf8 30. Nf7+ Rxf7 31. Bxf7 Qc6 32. Re2 Qxd6 33. Rd2 Qf8 34. Qe6 Bc6 35. b3 b5 36. Kh1 Bd5 37. Rxd5 Nxd5 38. Qxd5 1-0

[Event "IECG WC.2009.S.00003 email"]
[Site "IECG email"]
[Date "2006.09.09"]
[Round "?"]
[White "Holzhauer, Bjoern"]
[Black "Haug, Ulrich"]
[Result "1/2-1/2"]
[WhiteElo "1972"]
[BlackElo "2329"]
[PlyCount "76"]
[EventDate "2006.09.09"]
[EventType "tourn (corr)"]
[EventRounds "6"]
[SourceTitle "Corr 2011"]
[Source "ChessBase"]
[SourceDate "2010.08.31"]
[SourceVersion "1"]
[SourceVersionDate "2010.08.31"]
[SourceQuality "1"]

1. e4 c5 2. Nf3 Nc6 3. Bb5 g6 4. 0-0 Bg7 5. c3 Nf6 6. Re1 0-0 7. e5 Nd5 8. d4 cxd4 9. cxd4 d6 10. Nc3 Be6 11. Bg5 dxe5 12. Bxc6 bxc6 13. Nxe5 Rc8 14. Rc1 Nxc3 15. bxc3 c5 16. Qa4 f6 17. Nc6 Qd6 18. d5 Bd7 19. Be3 Bxc6 20. dxc6 Qxc6 21. Qc4+ e6 22. Rcd1 Rf7 23. Bf4 e5 24. Rd2 Rb8 25. Be3 Bf8 26. Red1 Qb5 27. Qe4 c4 28. Rd5 Qa4 29. R5d2 Re8 30. g3 Kg7 31. Qd5 Rc7 32. Rb1 Ree7 33. Rb5 Rf7 34. Ra5 Qe8 35. h4 h5 36. Qd8 Qe6 37. Qa8 Rc8 38. Qd5 Qxd5 1/2-1/2